Evaluation of key worker living (Record no. 104591)

MARC details
000 -LEADER
fixed length control field 01503cam a2200229 4500
001 - CONTROL NUMBER
control field L130882
008 - FIXED-LENGTH DATA ELEMENTS--GENERAL INFORMATION
fixed length control field 050912n2005 000 0 eng u
035 ## - SYSTEM CONTROL NUMBER
System control number (Sirsi) u130882
041 0# - LANGUAGE CODE
Language code of text/sound track or separate title eng
110 ## - MAIN ENTRY--CORPORATE NAME
Corporate name or jurisdiction name as entry element Office of the Deputy Prime Minister
9 (RLIN) 4685
245 ## - TITLE STATEMENT
Title Evaluation of key worker living
Remainder of title early findings
260 ## - PUBLICATION, DISTRIBUTION, ETC.
Place of publication, distribution, etc. London
Name of publisher, distributor, etc. ODPM
Date of publication, distribution, etc. 2005
520 ## - SUMMARY, ETC.
Summary, etc. This report gives early feedback to the ODPM on the implementation of the Key Worker Living (KWL) initiative setting out the preliminary issues identified at this stage which will be explored and tested in depth in the remainder of the evaluation. Launched in March 2004 KWL is a £690m ODPM funded programme which seeks to address recruitment and retention problems by providing housing solutions to key front line personnel in public services such as education, health and community safety. The evaluation surveys the emerging issues relating to recruitment and retention, the zone agent model, eligibility and the key issues involving the products such as Key Worker Homebuy offered by KWL.
590 ## - LOCAL NOTE (RLIN)
Local note IKA130905
650 24 - SUBJECT ADDED ENTRY--TOPICAL TERM
Topical term or geographic name entry element DCLG HOMEBUY
651 #4 - SUBJECT ADDED ENTRY--GEOGRAPHIC NAME
Geographic name England
Chronological subdivision 886-
690 ## - LOCAL SUBJECT ADDED ENTRY--TOPICAL TERM (OCLC, RLIN)
Topical term or geographic name as entry element PROPERTY-RESIDENTIAL PROPERTY-RESIDENTIAL PROPERTY DEVELOPMENT
710 2# - ADDED ENTRY--CORPORATE NAME
Corporate name or jurisdiction name as entry element GHK Consulting Ltd
9 (RLIN) 4759
710 2# - ADDED ENTRY--CORPORATE NAME
Corporate name or jurisdiction name as entry element University of Birmingham
Subordinate unit Centre for Urban and Regional Studies
9 (RLIN) 4589
856 40 - ELECTRONIC LOCATION AND ACCESS
Uniform Resource Identifier <a href="https://www.communities.gov.uk/archived/publications/housing/evaluationkey">https://www.communities.gov.uk/archived/publications/housing/evaluationkey</a>
Public note View the report free of charge at www.dclg.gov.uk...
942 ## - ADDED ENTRY ELEMENTS (KOHA)
Suppress in OPAC 0
Holdings
Withdrawn status Lost status Source of classification or shelving scheme Damaged status Not for loan Home library Current library Shelving location Date acquired Total Checkouts Full call number Barcode Date last seen Copy number Price effective from Koha item type
    Dewey Decimal Classification     Virtual Virtual Online 12/09/2005   ONLINE PUBLICATION 130882-2001 06/08/2019 1 06/08/2019 Book